| 000 | 00725nam a2200229Ia 4500 | ||
|---|---|---|---|
| 005 | 20220124151447.0 | ||
| 008 | 210716s2010 xx 000 0 und d | ||
| 020 | _a9788174468277 | ||
| 040 | _cAIMIT LIBRARY | ||
| 041 | _aeng | ||
| 082 |
_a332.12 _21 _bGULN |
||
| 100 |
_aGulati, Neelam C. _914549 |
||
| 245 |
_aPrinciples of banking management / _cby Neelam C Gulati. |
||
| 250 | _a[1st ed.] | ||
| 260 |
_aNew Delhi : _bExcel Books , _c2010 . |
||
| 300 |
_axii, 404p. ; _c24cm. |
||
| 650 |
_aStructure of Indian banking system _914550 |
||
| 650 |
_aDeveloping banking _914551 |
||
| 650 |
_aProject and working capital finance _914552 |
||
| 650 |
_aPriority sector lending _914553 |
||
| 942 |
_2ddc _cBK _e1 _k332.12 GULN |
||
| 999 |
_c205401 _d205401 |
||